00547nam a22001817a 4500999001900000005001700019010001500036020002700051035001400078037001300092082001500105100001800120245006100138260004600199270006400245300002700309942002900336 c189371d18937120220624144541.0 aENG-133371 a9780199488810c1495.00 aEN-116903 bDBAD/PUB a330.015193 aBasu, Kaushik aCollected papers in theoretical economics/cKaushik Basu aNew DelhibOxford university press c2018 bNew delhia2/11Ground floor, ansari road,daryaganj e110002 a316pc24cm(hbk)bindex 2ddccENh330.015193mBAS